00415nam a2200109Ia 4500008004100000100001900041245011300060245006600173260000900239650001300248856004400261170221s9999 xx 000 0 und d aAfzalur Rashid aReply to “Response: Board Composition and Firm Performance: Evidence from Bangladesh - A Sceptical View” cAfzalur Rashid, Anura De Zoysa, Sudhir Lodh, and Kathy Rudkin c2012 xBusiness uhttp://ro.uow.edu.au/aabfj/vol6/iss3/8/